000 01345nam a2200241Ii 4500
003 JO-AjNU
005 20240624140817.0
008 230605s9999||||xx |||||||||||||| ||und||
040 _aJO-AjNU
_bara
_erda
_cJO-AjNU
041 _aara
050 1 4 _aHF5681 2021
100 _aالقضاة، آفاق محمد مصطفى
_eمعد
_965497
245 0 0 _aاثر الافصاح المحاسبي عن رأس المال البشري على قيمة المؤسسات التعليمية المدرجة في بورصة عمان: هيكل الملكية العائلية كمتغير معدل = The Impact of Accounting Disclosure of Human Capital on the Value of Listed / Educational Institutions in Amman Stock Exchange: Family Ownership as a Moderating Vsriable
_cاعداد آفاق محمد مصطفى القضاة ؛ اشراف احمد ابراهيم كراجة
264 3 1 _a2021
300 _a98 ورقة
336 _atext
_btxt
_2rdacontent
337 _aunmediated
_bn
_2rdamedia
338 _avolume
_bnc
_2rdacarrier
500 _aرسالة جامعية(اطروحة ماجستير) جامعة عجلون الوطنية، كلية ادارة الاعمال، تخصص المحاسبة؛ 2021
650 4 _aالافصاح المحاسبي
_961305
700 1 _aكراجة، احمد ابراهيم
_eمشرف
_965498
942 _2lcc
_cTHS
999 _c31271
_d31271